00821 2200277 4500001002100000005001500021035002000036007000300056008004100059020002200100082001200122084001800134100002700152245011900179250001000298260003300308300002900341650002800370700001900398700001800417700001600435520003000451520004000481990001100521990001100532INLIS00000000000344020190520102336 a0010-0519000032ta190520 g 0 ind  a978-602-6579-07-2 a297.161 a297.161 HAM k0 aHAMID, Ahmad At-Thahir1 aKisah-kisah dalam Al-Qur'an /cHamid Ahmad At-Thahir; alih bahasa, Umar Mujtahid; editor, Arif Mahmudi, Yasir Amri acet.2 aJakarta :bUmmul Qura,c2018 axvii, 995 hlm. ;c25 cm 4aISLAM.KISAH-KISAH HADIS0 aUMAR, Mujtahid0 aARIF, Mahmudi0 aYASIR, Amri aBibliografi: hlm. 993-995 ajudul asli: Shahih Qashashil Qur'an a6615 a a6615 b